| 000 -LEADER |
| fixed length control field |
00619nam a2200217Ia 4500 |
| 001 - CONTROL NUMBER |
| control field |
5248 |
| 003 - CONTROL NUMBER IDENTIFIER |
| control field |
GE_BSU |
| 008 - FIXED-LENGTH DATA ELEMENTS--GENERAL INFORMATION |
| fixed length control field |
181216s||||||||xx |||||||||||||| ||und|| |
| 040 ## - CATALOGING SOURCE |
| Transcribing agency |
GE_BSU |
| 080 ## - UNIVERSAL DECIMAL CLASSIFICATION NUMBER |
| Universal Decimal Classification number |
512 |
| 100 ## - MAIN ENTRY--PERSONAL NAME |
| Personal name |
Беран, Л. |
| 245 ## - TITLE STATEMENT |
| Title |
Упорядоченные множества |
| 245 ## - TITLE STATEMENT |
| Statement of responsibility, etc. |
Под ред. Л.А. Скорнякова. Пер. с чешского В.Н.Салия |
| 260 ## - PUBLICATION, DISTRIBUTION, ETC. |
| Place of publication, distribution, etc. |
Москва |
| 260 ## - PUBLICATION, DISTRIBUTION, ETC. |
| Name of publisher, distributor, etc. |
Наука |
| 260 ## - PUBLICATION, DISTRIBUTION, ETC. |
| Date of publication, distribution, etc. |
1981 |
| 300 ## - PHYSICAL DESCRIPTION |
| Extent |
61 с.20 см |
| 300 ## - PHYSICAL DESCRIPTION |
| Accompanying material |
Библиогр.: стр.63 |
| 653 ## - INDEX TERM--UNCONTROLLED |
| Uncontrolled term |
Упорядоченные множества |
| 942 ## - ADDED ENTRY ELEMENTS (KOHA) |
| Koha item type |
წიგნი |